Apprendre Italien la Famille - Statistiques

Statistiques générales
  • Ce quiz a été pris 38 fois
  • Le résultat moyen est 11 sur 19
Statistiques - réponses
Français Italien % Correct
Famille Famiglia
90%
Mère Madre
90%
Père Padre
90%
Frère Fratello
87%
Sœur Sorella
80%
Grande-mère Nonna
77%
Grand-père Nonno
73%
Grands-parents Nonni
60%
Tante Zia
60%
Oncle Zio
60%
Parents Genitori
57%
Enfant Bambino
53%
Cousin Cugino
53%
Adulte Adulto
47%
Bébé Bambino
47%
Adolescent Adolescente
33%
Arrière-grande-mère Bisnonna
23%
Arrière-grands-parents Bisnonni
23%
Arrière-grand-père Bisnonno
23%
Aucun quiz correspondant
Distribution des résultats
% des personnes avec chaque résultat
Percentile par nombre de réponses
Votre historique - résultats
Vous n’avez pas pris ce quiz